[Event "DVM U10 2020"]
[Site "Magdeburg GER"]
[Date "2021.08.06"]
[Round "2"]
[White "Bickerich, Philipp"]
[Black "Piller, Rafael"]
[Result "1-0"]
[Termination "normal"]
[Board "7.3"]
[WhiteElo "1161"]
[BlackElo "931"]
[WhiteTeam "SV Königsjäger Süd-West e.V."]
[BlackTeam "SK Marburg 1931/72"]
[PlyCount "59"]
[WhiteFideId "34604995"]
[EventCountry "GER"]
[EventRounds "7"]
[EventType "team-swiss"]
[EventDate "2021.08.06"]

{[%evp 0,59,36,36,7,7,18,7,21,21,21,17,29,17,-6,-19,-19,-23,-23,-44,-31,-16,
-16,21,18,-6,19,-21,27,19,34,38,129,35,35,35,34,30,30,-43,178,160,164,158,230,
129,356,359,440,433,445,454,458,459,527,517,29999,546,29999,538,29999,575]
normal} 1. e4 e5 2. Nf3 Nc6 3. Bc4 Bc5 4. c3 Nf6 5. d4 exd4 6. cxd4 Bb4+ 7. Bd2
Nxe4 8. Bxb4 Nxb4 9. Bxf7+ Kxf7 10. Qb3+ d5 11. Qxb4 Re8 12. O-O a5 13. Qa4 Ng5
14. Ne5+ Kg8 15. Nc3 b5 16. Qxb5 Ba6 17. Qxd5+ Qxd5 18. Nxd5 Bxf1 19. Nxc7 Bxg2
20. Kxg2 Ne6 21. Nxa8 Rxa8 22. d5 Nd4 23. Rd1 Nb5 24. d6 Nxd6 25. Rxd6 Re8 26.
Rd5 Rb8 27. b3 Rb4 28. Rxa5 Re4 29. a3 Re2 30. b4 1-0

[Event "DVM U10 2020"]
[Site "Magdeburg GER"]
[Date "2021.08.06"]
[Round "2"]
[White "Pimenov, Danil"]
[Black "Wisniewski, Wojciech"]
[Result "1-0"]
[Termination "normal"]
[Board "8.1"]
[WhiteElo "1227"]
[BlackElo "828"]
[WhiteTeam "SC Borussia Lichtenberg"]
[BlackTeam "Elmshorner SC von 1896"]
[PlyCount "47"]
[WhiteFideId "34699635"]
[BlackFideId "34600248"]
[EventCountry "GER"]
[EventRounds "7"]
[EventType "team-swiss"]
[EventDate "2021.08.06"]

1. d4 d5 2. c4 dxc4 3. e4 e6 4. Bxc4 Bb4+ 5. Bd2 Qxd4 6. Qc2 Bxd2+ 7. Nxd2 Qe5
8. Ngf3 Qa5 9. O-O Nf6 10. e5 Ng4 11. Qe4 f5 12. exf6 Nxf6 13. Qe2 Nc6 14. Bxe6
Bd7 15. Nc4 Qb5 16. Bxd7+ Kxd7 17. Nce5+ Nxe5 18. Qxb5+ Ke6 19. Qxe5+ Kd7 20.
Rad1+ Kc8 21. Qe6+ Kb8 22. Ne5 Rc8 23. Qxf6 gxf6 24. Nd7# 1-0

[Event "DVM U10 2020"]
[Site "Magdeburg GER"]
[Date "2021.08.06"]
[Round "2"]
[White "Leitloff, Finn Leonidas"]
[Black "Gulamzada, Elmir"]
[Result "0-1"]
[Termination "normal"]
[Board "9.1"]
[WhiteElo "1138"]
[BlackElo "1390"]
[WhiteTeam "SV Empor Erfurt"]
[BlackTeam "SV Werder Bremen"]
[PlyCount "130"]
[WhiteFideId "34661905"]
[BlackFideId "34604332"]
[EventCountry "GER"]
[EventRounds "7"]
[EventType "team-swiss"]
[EventDate "2021.08.06"]

{[%evp 0,97,23,26,39,25,43,29,75,61,38,-3,-26,-29,-7,-36,15,-170,-123,-393,
-403,-402,-402,-382,-358,-395,-421,-502,-506,-506,-478,-504,-420,-521,-517,
-523,-506,-506,-407,-483,-469,-470,-439,-459,-432,-468,-454,-462,-442,-442,
-458,-576,-404,-461,-398,-410,-400,-353,-329,-374,-359,-372,-382,-383,-377,
-377,-370,-368,-335,-335,-335,-333,-333,-435,-349,-418,-346,-349,-367,-557,
-536,-586,-426,-735,-742,-873,-2392,-28904,-29976,-29979,-845,-859,-951,-1262,
-816,-904,-1332,-1439,-1574,-2002] normal} 1. d4 e6 2. e4 d5 3. Nc3 Nf6 4. e5
Nfd7 5. Bd3 c5 6. Nf3 Nc6 7. Be3 Qb6 8. Rb1 cxd4 9. Bd2 dxc3 10. bxc3 Qc7 11.
Bf4 Bc5 12. Bb5 a6 13. Ba4 b5 14. Bb3 O-O 15. O-O Ncxe5 16. Nd4 Qb6 17. Re1 Nc6
18. Be3 Bxd4 19. Bxd4 Nxd4 20. cxd4 a5 21. c3 Nf6 22. Ba4 Bd7 23. Qd3 b4 24.
Bxd7 Nxd7 25. a3 Qd6 26. axb4 axb4 27. cxb4 Nf6 28. b5 Rab8 29. Qb3 Nd7 30.
Rec1 Rfc8 31. Rxc8+ Rxc8 32. g3 Nb6 33. Ra1 Ra8 34. Rxa8+ Nxa8 35. Qa2 Qb8 36.
h4 h6 37. Kh2 Nb6 38. Kh3 Nc4 39. g4 Qxb5 40. g5 Qb2 41. Qa7 Qxf2 42. gxh6 Ne3
43. Qb8+ Kh7 44. Qg3 Qxg3+ 45. Kxg3 Nf5+ 46. Kg4 gxh6 47. h5 Nxd4 48. Kg3 e5
49. Kf2 e4 50. Ke3 Nc2+ 51. Kd2 Nb4 52. Ke2 d4 53. Kd2 e3+ 54. Ke2 f5 55. Ke1
d3 56. Kd1 e2+ 57. Ke1 Nc2+ 58. Kd2 e1=Q+ 59. Kxd3 f4 60. Kc4 f3 61. Kc5 f2 62.
Kc6 f1=Q 63. Kc7 Qf6 64. Kd7 Qee7+ 65. Kc8 Qff8# 0-1

[Event "DVM U10 2020"]
[Site "Magdeburg GER"]
[Date "2021.08.06"]
[Round "2"]
[White "Zimmer, Tim"]
[Black "Weißleder, Ari"]
[Result "1-0"]
[Termination "normal"]
[Board "9.2"]
[WhiteElo "1013"]
[BlackElo "1131"]
[WhiteTeam "SV Werder Bremen"]
[BlackTeam "SV Empor Erfurt"]
[PlyCount "55"]
[WhiteFideId "34603115"]
[EventCountry "GER"]
[EventRounds "7"]
[EventType "team-swiss"]
[EventDate "2021.08.06"]

{[%evp 0,55,26,25,100,59,60,32,158,86,102,61,135,108,152,83,105,40,115,108,205,
183,389,362,408,310,310,336,449,449,451,420,633,612,626,632,696,741,800,783,
941,714,714,707,714,744,881,908,957,962,962,1002,1016,1078,1080,1087,29993,
29994] normal} 1. e4 c5 2. Nf3 Nc6 3. d4 b6 4. Nc3 e6 5. Bc4 Be7 6. Bf4 Nf6 7.
O-O Bb7 8. a3 a6 9. d5 Na7 10. d6 Bxd6 11. Bxd6 Bxe4 12. Nxe4 Nxe4 13. Bxa6 b5
14. Bb7 Nxd6 15. Bxa8 Qxa8 16. Qxd6 Qc8 17. Rad1 b4 18. axb4 cxb4 19. Ne5 Nb5
20. Qxd7+ Qxd7 21. Rxd7 O-O 22. Rfd1 g6 23. Rb7 Nc3 24. bxc3 bxc3 25. Rdd7 Kg7
26. Rxf7+ Rxf7 27. Rxf7+ Kh6 28. h4 1-0

[Event "DVM U10 2020"]
[Site "Magdeburg GER"]
[Date "2021.08.06"]
[Round "2"]
[White "Mantu, Elias Viorel"]
[Black "Schube, Theresa"]
[Result "0-1"]
[Termination "normal"]
[Board "9.3"]
[WhiteElo "896"]
[BlackElo "1264"]
[WhiteTeam "SV Empor Erfurt"]
[BlackTeam "SV Werder Bremen"]
[PlyCount "70"]
[WhiteFideId "34601350"]
[BlackFideId "34608800"]
[EventCountry "GER"]
[EventRounds "7"]
[EventType "team-swiss"]
[EventDate "2021.08.06"]

{[%evp 0,70,26,26,26,26,45,-8,17,13,24,23,47,54,18,-13,78,73,80,23,27,28,8,
-307,-305,-316,-319,-321,-319,-351,-351,-421,-426,-450,-412,-465,-487,-525,
-531,-995,-1020,-1032,-1043,-1124,-1161,-1200,-1246,-1351,-1171,-1266,-1298,
-1313,-1311,-1776,-2154,-2286,-2220,-28957,-29982,-29985,-29986,-29987,-29984,
-29989,-2394,-29989,-29990,-29991,-29992,-29995,-29996,-29999,-30000] normal}
1. d4 d5 2. Bf4 Bf5 3. Nc3 e6 4. e3 Bb4 5. Bd3 Bg6 6. Nf3 Nf6 7. Qe2 Ne4 8.
Bxe4 Bxe4 9. O-O Bxc3 10. bxc3 O-O 11. Bg5 Bxf3 12. Qxf3 Qxg5 13. Rab1 b6 14.
e4 Nd7 15. Qg3 Qxg3 16. fxg3 Nf6 17. e5 Ne4 18. Rb3 Nd2 19. Rxb6 axb6 20. Rd1
Ne4 21. Rd3 Rxa2 22. Rd1 Rfa8 23. h3 Ra1 24. Rxa1 Rxa1+ 25. Kh2 Rc1 26. c4 dxc4
27. d5 exd5 28. e6 fxe6 29. c3 Rxc3 30. h4 b5 31. Kh3 b4 32. Kh2 b3 33. g4 b2
34. g3 b1=Q 35. Kh3 Qh1# 0-1

[Event "DVM U10 2020"]
[Site "Magdeburg GER"]
[Date "2021.08.06"]
[Round "2"]
[White "Marrufo, Adriana"]
[Black "Bartik, Hugo"]
[Result "1-0"]
[Termination "normal"]
[Board "9.4"]
[WhiteElo "844"]
[BlackElo "878"]
[WhiteTeam "SV Werder Bremen"]
[BlackTeam "SV Empor Erfurt"]
[PlyCount "63"]
[WhiteFideId "34630252"]
[EventCountry "GER"]
[EventRounds "7"]
[EventType "team-swiss"]
[EventDate "2021.08.06"]

{[%evp 0,63,26,25,25,52,22,22,28,4,12,11,20,22,22,-41,-25,-87,-70,-99,-72,-71,
-46,-193,195,151,231,19,20,10,14,-626,48,41,729,732,736,736,753,747,747,679,
735,726,780,653,653,626,651,663,744,657,1094,1107,1107,1127,1241,1268,1318,
1328,1342,1325,29997,29998,29999,-30000] normal} 1. e4 e5 2. Nf3 Nc6 3. Bc4 Bc5
4. Nc3 Nf6 5. O-O O-O 6. d3 h6 7. Ne1 d6 8. Qf3 Be6 9. Bb3 Qe7 10. Qg3 Bxb3 11.
Bxh6 g6 12. axb3 Rfe8 13. Nd5 Nxd5 14. exd5 Nd4 15. c3 Nf5 16. Qh3 Kh7 17. Bg5+
Kg7 18. Bxe7 Rxe7 19. b4 Bb6 20. c4 c5 21. bxc5 dxc5 22. d6 Nxd6 23. Qh4 Ree8
24. Nf3 Rh8 25. Qg5 Bd8 26. Qxe5+ Bf6 27. Qxd6 Bxb2 28. Rab1 Bf6 29. Rxb7 Rhd8
30. Qc7 Rxd3 31. Qxf7+ Kh6 32. Qh7# 1-0

[Event "DVM U10 2020"]
[Site "Magdeburg GER"]
[Date "2021.08.06"]
[Round "2"]
[White "Fischer, Lorenz"]
[Black "Bock, Leonas"]
[Result "0-1"]
[Termination "normal"]
[Board "10.1"]
[WhiteElo "1164"]
[BlackElo "1278"]
[WhiteTeam "Schachfreunde Tegernheim"]
[BlackTeam "SSV Vimaria 91 Weimar"]
[PlyCount "38"]
[WhiteFideId "16296710"]
[BlackFideId "16287118"]
[EventCountry "GER"]
[EventRounds "7"]
[EventType "team-swiss"]
[EventDate "2021.08.06"]

{[%evp 0,38,30,22,37,39,69,74,61,62,68,76,113,88,76,76,58,37,75,63,52,64,64,64,
63,-47,-74,-77,26,41,12,-29,31,-42,-50,-436,-436,-416,-417,-29997,-29998]
normal} 1. e4 d5 2. exd5 Qxd5 3. Nc3 Qa5 4. d4 Nf6 5. Nf3 c6 6. Bc4 Bf5 7. O-O
e6 8. Re1 Be7 9. Bf4 O-O 10. Ne5 Nbd7 11. Nxd7 Nxd7 12. d5 cxd5 13. Bxd5 Nf6
14. Bxb7 Rad8 15. Qf3 Rd4 16. Rad1 Bg4 17. Qxg4 Nxg4 18. Rxd4 Qb6 19. Rd7 Qxf2+
0-1

[Event "DVM U10 2020"]
[Site "Magdeburg GER"]
[Date "2021.08.06"]
[Round "2"]
[White "Fischer, Quirin"]
[Black "Krömer, Antonius"]
[Result "0-1"]
[Termination "normal"]
[Board "10.3"]
[WhiteElo "1085"]
[BlackElo "1041"]
[WhiteTeam "Schachfreunde Tegernheim"]
[BlackTeam "SSV Vimaria 91 Weimar"]
[PlyCount "144"]
[WhiteFideId "34623787"]
[BlackFideId "34660518"]
[EventCountry "GER"]
[EventRounds "7"]
[EventType "team-swiss"]
[EventDate "2021.08.06"]

{[%evp 0,100,22,22,36,42,74,56,76,76,73,74,93,38,81,64,81,93,101,45,92,77,127,
128,125,37,73,64,69,49,49,71,67,86,143,133,138,125,106,-585,-592,-620,-628,
-628,-582,-577,-555,-585,-438,-417,-463,-463,-485,-461,-434,-530,-442,-454,
-443,-454,-446,-462,-399,-446,-440,-507,-357,-329,-145,-385,-359,-386,-390,
-392,-391,-480,-50,-53,-59,-60,-60,-53,-57,-177,-177,-185,-185,-206,-151,-205,
-227,-228,-220,-207,-215,-215,-215,-256,-260,-315,-343,-398,-325] normal} 1. e4
d5 2. exd5 Qxd5 3. Nc3 Qa5 4. Nf3 Nf6 5. d4 Bg4 6. Be2 Bd7 7. h3 e6 8. O-O Bd6
9. Bg5 Qb6 10. Rb1 Bc6 11. Bxf6 gxf6 12. Re1 Nd7 13. d5 exd5 14. Nxd5 Bxd5 15.
Qxd5 O-O-O 16. Qxf7 Rdf8 17. Qh5 Bc5 18. Rf1 Qa5 19. a3 Bxf2+ 20. Rxf2 Qxh5 21.
Nd4 Qc5 22. c3 Rhg8 23. Ne6 Qe5 24. Nxf8 Rxf8 25. Re1 Qc5 26. Bg4 c6 27. Rd1
Rd8 28. Kf1 Qc4+ 29. Be2 Qb3 30. Bg4 Qf7 31. Rfd2 f5 32. Rf2 Qg6 33. Bxf5 Qh5
34. Bg4 Qb5+ 35. Kg1 Qc5 36. Kf1 Kc7 37. Rf5 Rf8 38. Rxd7+ Kxd7 39. Rxf8+ Kc7
40. Rf7+ Kb6 41. Rxh7 Qb5+ 42. Kg1 Qxb2 43. Kh2 Qxc3 44. Bc8 Qe5+ 45. Kh1 Qa1+
46. Kh2 Qxa3 47. Rxb7+ Kc5 48. Bd7 a5 49. Rc7 Kd6 50. Ra7 a4 51. Be8 Qc3 52.
Kh1 Qe1+ 53. Kh2 Qxe8 54. Rxa4 Qe5+ 55. Kh1 c5 56. h4 Qe1+ 57. Kh2 Kd5 58. Ra8
c4 59. Rd8+ Kc5 60. Rc8+ Kb4 61. Rb8+ Kc3 62. g3 Kc2 63. Ra8 c3 64. h5 Qe2+ 65.
Kg1 Qxh5 66. Ra4 Qd1+ 67. Kg2 Kb3 68. Rh4 c2 69. Rh1 Qd2+ 70. Kh3 Qh6+ 71. Kg2
Qxh1+ 72. Kxh1 c1=Q+ 0-1

[Event "DVM U10 2020"]
[Site "Magdeburg GER"]
[Date "2021.08.06"]
[Round "2"]
[White "Stadelmann, Henriette"]
[Black "Thanner, David"]
[Result "0-1"]
[Termination "normal"]
[Board "10.4"]
[WhiteElo "940"]
[BlackElo "902"]
[WhiteTeam "SSV Vimaria 91 Weimar"]
[BlackTeam "Schachfreunde Tegernheim"]
[PlyCount "72"]
[EventCountry "GER"]
[EventRounds "7"]
[EventType "team-swiss"]
[EventDate "2021.08.06"]

{[%evp 0,50,22,29,29,22,54,19,24,-40,80,22,12,-63,53,52,60,44,62,46,46,46,575,
-140,117,77,0,-348,23,-330,0,-399,383,-884,-945,-1157,-962,-1092,-831,-2700,
-2871,-3022,-2749,-29034,-2741,-29993,-1221,-29989,-1776,-1777,-1820,-1830,
-1903] normal} 1. d4 d5 2. Nf3 Bg4 3. e3 Nc6 4. Bd3 f6 5. O-O e5 6. h3 Bh5 7.
dxe5 fxe5 8. e4 Nf6 9. exd5 Qxd5 10. g4 Nxg4 11. Bg5 e4 12. Bxe4 Qxe4 13. Nc3
Qg6 14. Re1+ Be7 15. Nd5 Rd8 16. Qe2 Rxd5 17. Rad1 Rxd1 18. Rxd1 Nge5 19. Qd2
Nxf3+ 20. Kf1 Nxd2+ 21. Rxd2 Qxg5 {hier irrte Weiß sich in der Diagonale...}
22. Z0 Qg4 23. Z0 {nun geht weiter:} Qd1+ 24. Rxd1 Bxd1 25. c4 Rf8 26. Ke1 Bh5
27. a3 Bc5 28. Kd2 Rxf2+ 29. Kc3 Rf3+ 30. Kc2 Nd4+ 31. Kd2 Ke7 32. Kc1 Rf2 33.
Kb1 Kd6 34. Ka2 Bf7 35. a4 Bxc4+ 36. Kb1 Rf1# 0-1

[Event "DVM U10 2020"]
[Site "Magdeburg GER"]
[Date "2021.08.06"]
[Round "2"]
[White "Rudolph, Simon"]
[Black "Hellenbroich, Hanno"]
[Result "1-0"]
[Termination "normal"]
[Board "11.1"]
[WhiteElo "1207"]
[BlackElo "1287"]
[WhiteTeam "SC Leipzig-Lindenau"]
[BlackTeam "Lübecker SV von 1873"]
[PlyCount "53"]
[WhiteFideId "34617078"]
[BlackFideId "16270762"]
[EventCountry "GER"]
[EventRounds "7"]
[EventType "team-swiss"]
[EventDate "2021.08.06"]

{[%evp 0,53,22,22,51,51,95,89,116,31,33,56,108,71,94,38,28,8,19,-45,19,-19,7,
17,30,38,38,-13,27,35,57,-1,212,210,203,169,460,450,534,516,793,625,673,704,
726,770,738,588,799,582,1194,711,728,688,1083,1158] normal} 1. e4 c5 2. Nf3 d6
3. d4 cxd4 4. Nxd4 Nf6 5. Nc3 g6 6. Be3 Bg7 7. Qd2 O-O 8. O-O-O Nc6 9. Nb3 a5
10. a4 Nb4 11. f3 Be6 12. Nd4 Bd7 13. Bh6 Qe8 14. Bb5 Bxb5 15. Ndxb5 Nd7 16.
Nc7 Qc8 17. Nxa8 Bxc3 18. bxc3 Re8 19. cxb4 axb4 20. Qxb4 Qxa8 21. Qb2 e5 22.
Rxd6 Nc5 23. Rd5 Rc8 24. Qa3 f5 25. Qa2 Kh8 26. Rhd1 b6 27. Rd7 1-0

[Event "DVM U10 2020"]
[Site "Magdeburg GER"]
[Date "2021.08.06"]
[Round "2"]
[White "Kutz, Ida Klara"]
[Black "Richter, Peter"]
[Result "1-0"]
[Termination "normal"]
[Board "11.2"]
[WhiteElo "1232"]
[BlackElo "802"]
[WhiteTeam "Lübecker SV von 1873"]
[BlackTeam "SC Leipzig-Lindenau"]
[PlyCount "69"]
[WhiteFideId "16296257"]
[BlackFideId "34617094"]
[EventCountry "GER"]
[EventRounds "7"]
[EventType "team-swiss"]
[EventDate "2021.08.06"]

{[%evp 0,69,22,-8,2,-15,-12,-11,-23,-33,53,24,38,31,22,42,105,88,64,63,63,-22,
-8,-60,-46,-91,-44,-47,-70,-70,-32,-42,-51,-42,46,58,60,71,79,77,79,95,143,42,
49,-8,-3,-56,156,157,138,39,176,51,410,410,443,540,556,469,451,230,462,535,823,
417,1216,1404,29997,29998,29999,-30000] normal} 1. c4 e5 2. Nc3 Nc6 3. Nf3 Nf6
4. g3 b6 5. Bg2 Bd6 6. O-O O-O 7. d4 Bb7 8. dxe5 Nxe5 9. Nxe5 Bxg2 10. Kxg2
Bxe5 11. Kg1 Re8 12. Re1 c5 13. Nb5 Ne4 14. Qd3 f5 15. Qd5+ Kh8 16. f4 Bd4+ 17.
Nxd4 cxd4 18. Qxd4 Rc8 19. b3 Nf6 20. Bb2 Re4 21. Qc3 b5 22. Qd3 Qb6+ 23. Kg2
Re3 24. Qxf5 Qc6+ 25. Kf1 Qh1+ 26. Kf2 Qxh2+ 27. Kxe3 Qxg3+ 28. Kd2 Rc5 29. Qd3
Qxf4+ 30. Kc2 Nd5 31. Qd4 Qf5+ 32. Kd1 Ne3+ 33. Qxe3 bxc4 34. Qe8+ Qf8 35.
Qxf8# 1-0

[Event "DVM U10 2020"]
[Site "Magdeburg GER"]
[Date "2021.08.06"]
[Round "2"]
[White "Clarke-Griebsch, Elisa"]
[Black "Zhou, Leyi Charlotte"]
[Result "0-1"]
[Termination "normal"]
[Board "12.2"]
[WhiteElo "886"]
[BlackElo "1199"]
[WhiteTeam "SC Garching 1980 e.V."]
[BlackTeam "SC Weisse Dame e.V."]
[PlyCount "88"]
[BlackFideId "16258100"]
[EventCountry "GER"]
[EventRounds "7"]
[EventType "team-swiss"]
[EventDate "2021.08.06"]

{[%evp 0,78,22,18,22,22,20,13,17,-4,7,7,5,-17,-16,-21,14,24,20,-16,-8,-24,-25,
-181,-273,-406,-420,-952,-948,-1027,-996,-1084,-1114,-1147,-1135,-1187,-1172,
-1197,-1178,-1174,-1163,-1196,-1152,-1177,-1204,-1382,-1224,-1342,-1115,-1118,
-1143,-1145,-1218,-1255,-1151,-1229,-1281,-1297,-1315,-1336,-1348,-1317,-1369,
-1441,-1356,-1356,-1370,-1370,-1370,-1433,-1295,-1475,-1715,-1715,-1745,-1769,
-1800,-1806,-29992,-29993,-2679] normal} 1. e4 e5 2. Nf3 Nc6 3. Nc3 Nf6 4. d4
exd4 5. Nxd4 Bb4 6. Nxc6 bxc6 7. Bd3 O-O 8. O-O d5 9. Bg5 h6 10. Bxf6 Qxf6 11.
Qd2 d4 12. a3 dxc3 13. Qc1 cxb2 14. e5 Qxe5 15. Qxb2 Qxb2 16. axb4 Qxb4 17.
Rab1 Qd6 18. Rfd1 Qf6 19. Re1 Qg5 20. Be4 Bd7 21. h3 Rfe8 22. Rb7 Qf4 23. Rb4
c5 24. Bh7+ Kxh7 25. Rxf4 Rxe1+ 26. Kh2 f6 27. Rc4 a5 28. Rc3 a4 29. Ra3 Re2
30. Kg3 Rxc2 31. Rd3 Bb5 32. Ra3 c4 33. Kf3 c3 34. Ke3 Rb2 35. Rxc3 a3 36. Rc1
a2 37. Ra1 Rb1 38. Rxa2 Rxa2 39. Kf3 c5 40. Kg3 c4 41. f3 c3 42. Kh2 c2 43. Kg3
c1=Q 44. Kh2 Qf4# 0-1

[Event "DVM U10 2020"]
[Site "Magdeburg GER"]
[Date "2021.08.06"]
[Round "2"]
[White "John, Linnea"]
[Black "Piffczyk, Claudia"]
[Result "1-0"]
[Termination "normal"]
[Board "12.3"]
[WhiteElo "1085"]
[BlackElo "907"]
[WhiteTeam "SC Weisse Dame e.V."]
[BlackTeam "SC Garching 1980 e.V."]
[PlyCount "47"]
[WhiteFideId "34623680"]
[BlackFideId "34639829"]
[EventCountry "GER"]
[EventRounds "7"]
[EventType "team-swiss"]
[EventDate "2021.08.06"]

{[%evp 0,47,32,13,20,20,12,5,5,13,68,79,132,87,328,68,375,64,398,5,-4,-2,-4,
-102,91,91,91,42,121,96,154,154,318,-78,211,214,221,194,233,213,1832,1973,1655,
2136,2261,1577,1869,29990,29999,-30000] normal} 1. e4 e5 2. Nf3 Nc6 3. d4 exd4
4. Nxd4 Nxd4 5. Qxd4 b6 6. Bc4 Qh4 7. O-O Nf6 8. Nc3 Bc5 9. Qd1 O-O 10. Qf3 Bb7
11. Qf5 Ng4 12. h3 Nxf2 13. Rxf2 Bxf2+ 14. Qxf2 Qh5 15. Bf4 c6 16. Qg3 d5 17.
exd5 cxd5 18. Bd3 d4 19. Ne4 Rfe8 20. Nf6+ Kh8 21. Nxh5 Rg8 22. Qh4 f6 23. Nxf6
gxf6 24. Qxh7# 1-0

[Event "DVM U10 2020"]
[Site "Magdeburg GER"]
[Date "2021.08.06"]
[Round "2"]
[White "Stein, Julius"]
[Black "Lutz, Matthias"]
[Result "1-0"]
[Termination "normal"]
[Board "12.4"]
[WhiteElo "763"]
[BlackElo "1084"]
[WhiteTeam "SC Garching 1980 e.V."]
[BlackTeam "SC Weisse Dame e.V."]
[PlyCount "85"]
[EventCountry "GER"]
[EventRounds "7"]
[EventType "team-swiss"]
[EventDate "2021.08.06"]

{[%evp 0,69,32,12,41,41,23,21,21,4,-11,-55,-56,-97,-105,-153,-99,-308,-310,
-379,-289,-393,-383,-517,-456,-441,-360,-360,-358,-402,-391,-393,-433,-444,
-452,-430,-423,-469,-454,-495,-474,-543,-453,-453,-373,-396,237,327,306,306,
293,302,302,302,302,250,257,231,244,225,308,213,335,219,460,430,906,969,980,
1025,1093,1088] normal} 1. e4 e6 2. d4 d5 3. e5 c5 4. c3 Nc6 5. dxc5 Bxc5 6.
Bb5 Bd7 7. Nf3 Qb6 8. O-O Qxb5 9. Nbd2 O-O-O 10. Ng5 Nxe5 11. Re1 f6 12. Nb3
Qb6 13. Nxc5 Qxc5 14. Rxe5 fxe5 15. Nf7 Nf6 16. Nxh8 Rxh8 17. Be3 Qd6 18. c4
Kb8 19. Qb3 d4 20. Qd3 Qc5 21. Bd2 e4 22. Qg3+ Qc7 23. Bf4 Qxf4 24. Qxf4+ Ka8
25. Rd1 d3 26. Qg3 Rg8 27. Kf1 Bc6 28. Qe3 Re8 29. Ke1 b5 30. c5 b4 31. Qf4 b3
32. Qc7 Rb8 33. Qxc6+ Rb7 34. axb3 Kb8 35. Qd6+ Ka8 36. c6 Rb6 37. Qd8+ Rb8 38.
c7 Rxd8 39. cxd8=Q+ Kb7 40. Rc1 Nd5 41. Qc8+ Kb6 42. Rc6+ Kb5 43. Qa6+ 1-0

[Event "DVM U10 2020"]
[Site "Magdeburg GER"]
[Date "2021.08.06"]
[Round "2"]
[White "González Peisker, Mateo León"]
[Black "Roos Nazario, Valentin"]
[Result "0-1"]
[Termination "normal"]
[Board "13.1"]
[WhiteElo "1151"]
[BlackElo "1204"]
[WhiteTeam "SV Multatuli Ingelheim e.V."]
[BlackTeam "Tischtennisclub Grün-Weiß Fritzdorf 1958 e. V."]
[PlyCount "47"]
[WhiteFideId "34610138"]
[BlackFideId "16295722"]
[EventCountry "GER"]
[EventRounds "7"]
[EventType "team-swiss"]
[EventDate "2021.08.06"]

{[%evp 0,47,32,12,51,51,60,32,32,14,103,71,84,16,32,15,35,6,10,5,9,-362,-365,
-366,-366,-366,-342,-400,-382,-397,-391,-399,-399,-397,-395,-426,-403,-379,
-388,-390,-390,-390,-390,-460,-443,-556,-529,-1011,-940,-1087] normal} 1. e4 c5
2. Nf3 Nc6 3. d4 cxd4 4. Nxd4 g6 5. Be3 Bg7 6. c3 Nf6 7. Nd2 d6 8. Bb5 Bd7 9.
O-O O-O 10. Qc2 Nxd4 11. Bxd4 Bxb5 12. c4 Rc8 13. Qb3 Bc6 14. Bxa7 Bxe4 15.
Rfe1 Bc6 16. Bb6 Qd7 17. Re2 Qg4 18. f3 Qg5 19. Rd1 e6 20. Be3 Qa5 21. Nf1 d5
22. Bb6 Qa6 23. Rc2 Ba4 24. Qd3 0-1

[Event "DVM U10 2020"]
[Site "Magdeburg GER"]
[Date "2021.08.06"]
[Round "2"]
[White "Ahlers, Quentin"]
[Black "Dütsch, Hannes"]
[Result "1-0"]
[Termination "normal"]
[Board "14.1"]
[WhiteElo "1431"]
[BlackElo "1156"]
[WhiteTeam "SK Lehrte von 1919 e. V."]
[BlackTeam "Schachklub Schweinfurt 2000 e.V."]
[PlyCount "67"]
[WhiteFideId "16269551"]
[BlackFideId "34605509"]
[EventCountry "GER"]
[EventRounds "7"]
[EventType "team-swiss"]
[EventDate "2021.08.06"]

{[%evp 0,67,32,12,60,40,40,17,95,61,44,87,72,72,59,39,36,54,42,-40,-28,-28,-4,
19,558,615,591,471,473,462,462,457,955,978,1005,1098,1136,1153,29989,1115,1260,
1290,1287,1060,1314,1334,1419,1519,1518,1443,1518,1838,29987,29988,29989,29990,
29991,1990,29987,1400,1432,1107,1322,1061,1294,1092,29997,29998,29999,-30000]
normal} 1. e4 c5 2. Bc4 Nc6 3. Nf3 g6 4. d4 cxd4 5. Nxd4 Bg7 6. Nxc6 bxc6 7.
O-O e6 8. Re1 Ne7 9. Bg5 Bxb2 10. Nd2 Bxa1 11. Qxa1 d5 12. Qxh8+ Kd7 13. Qxd8+
Kxd8 14. exd5 cxd5 15. Bxd5 Ke8 16. Bxa8 Nf5 17. Ne4 h6 18. Bf6 Ba6 19. Rd1 Ne7
20. Nd6+ Kd7 21. Nf5+ Kc7 22. Nxe7 Bc4 23. Be5+ Kb6 24. Nc8+ Kc5 25. Bd6+ Kb5
26. Rb1+ Ka6 27. Bb7+ Ka5 28. Bc7+ Ka4 29. Bc6+ Ka3 30. Rb3+ Kxa2 31. Nxa7 g5
32. Nb5 e5 33. Nc3+ Ka1 34. Rb1# 1-0